Käännä satunnaiset sanat englanniksi - Statistics

Yleistilastot
  • Tätä visaa on pelattu 27 195 kertaa
  • Keskiarvotulos 24 / 30
Vastaustilastot
Suomi Englanti % Oikein
Veli B{rother}
96%
Muna E{gg}
96%
Banaani B{anana}
95%
Korva E{ar}
95%
Ensimmäinen F{irst}
95%
Jää I{ce}
95%
Farkut J{eans}
95%
Elämä L{ife}
95%
Lokakuu O{ctober}
95%
Sipuli O{nion}
95%
Lukea R{ead}
95%
Huone R{oom}
95%
Surullinen S{ad}
95%
Paras (the) B{est}
95%
Tiikeri T{iger}
95%
Nainen W{oman}
95%
Musta B{lack}
94%
Sininen B{lue}
94%
Porkkana C{arrot}
94%
Leikata C{ut}
94%
Maapallo E{arth}
94%
Silmä E{ye}
94%
Kasvot F{ace}
94%
Apu H{elp}
94%
Hevonen H{orse}
94%
Miten H{ow}
94%
Jos I{f}
94%
Polvi K{nee}
94%
Rakastaa L{ove}
94%
Kuukausi M{onth}
94%
Aamu M{orning}
94%
Nimi N{ame}
94%
Puhelin P{hone}
94%
Pelata P{lay}
94%
Juosta R{un}
94%
Hai S{hark}
94%
Kuusi (luku) S{ix}
94%
Anteeksi S{orry}
94%
Tähti S{tar}
94%
Kymmenen T{en}
94%
Kaksi T{wo}
94%
Ikkuna W{indow}
94%
Keltainen Y{ellow}
94%
Kyllä Y{es}
94%
Vauva B{aby}
93%
Karhu B{ear}
93%
Pomo B{oss}
93%
Poika B{oy}
93%
Juusto C{heese}
93%
Väri C{olor}
93%
Kokki C{ook}
93%
Lehmä C{ow}
93%
Joulukuu D{ecember}
93%
Lääkäri D{octor}
93%
Alas D{own}
93%
Juoda D{rink}
93%
Englanti (kieli) E{nglish}
93%
Kala F{ish}
93%
Lentää F{ly}
93%
Neljä F{our}
93%
Kettu F{ox}
93%
Sammakko F{rog}
93%
Peli G{ame}
93%
Harmaa G{ray}
93%
Sairaala H{ospital}
93%
Talo H{ouse}
93%
Kesäkuu J{une}
93%
Kuningas K{ing}
93%
Tietää K{now}
93%
Vasen L{eft}
93%
Maito M{ilk}
93%
Apina M{onkey}
93%
Hiiri M{ouse}
93%
Yhdeksän N{ine}
93%
Vaaleanpunainen P{ink}
93%
Peruna P{otato}
93%
Suihku S{hower}
93%
Laulaa S{ing}
93%
Nukkua S{leep}
93%
Hymyillä S{mile}
93%
Seisoa S{tand}
93%
Vahva S{trong}
93%
Aurinko S{un}
93%
Pöytä T{able}
93%
Tomaatti T{omato}
93%
Ruma U{gly}
93%
Alla U{nder}
93%
Vierailla V{isit}
93%
Kävellä W{alk}
93%
Vuosi Y{ear}
93%
Nuori Y{oung}
93%
Nolla Z{ero}
93%
Eläintarha Z{oo}
93%
Omena A{pple}
92%
Taide A{rt}
92%
Koripallo B{asketball}
92%
Kylpyhuone B{athroom}
92%
Olla B{e}
92%
Polkupyörä B{icycle}
92%
Suuri B{ig}
92%
Vene B{oat}
92%
Silta B{ridge}
92%
Kissa C{at}
92%
Lapsi C{hild}
92%
Kello C{lock}
92%
Kuppi C{up}
92%
Pimeä D{ark}
92%
Ovi D{oor}
92%
Pääsiäinen E{aster}
92%
Syödä E{at}
92%
Sähköposti E{mail}
92%
Loppu E{nd}
92%
Nopea F{ast}
92%
Jalkapallo F{ootball}
92%
Metsä F{orest}
92%
Perjantai F{riday}
92%
Puutarha G{arden}
92%
Mennä G{o}
92%
Vihreä G{reen}
92%
Vihata H{ate}
92%
Kuulla H{ear}
92%
Kuuma H{ot}
92%
Nälkäinen H{ungry}
92%
Tappaa K{ill}
92%
Nauraa L{augh}
92%
Mies M{an}
92%
Maaliskuu M{arch}
92%
Ateria M{eal}
92%
Maanantai M{onday}
92%
Raha M{oney}
92%
Luonto N{ature}
92%
N{ight}
92%
Nenä N{ose}
92%
Marraskuu N{ovember}
92%
Vanha O{ld}
92%
Appelsiini O{range}
92%
Oranssi O{range}
92%
Puisto P{ark}
92%
Täydellinen P{erfect}
92%
Ananas P{ineapple}
92%
Kuningatar Q{ueen}
92%
Oikea R{ight}
92%
Hiekka S{and}
92%
Koulu S{chool}
92%
Nähdä S{ee}
92%
Seitsemäntoista S{eventeen}
92%
Kenkä S{hoe}
92%
Kuusitoista S{ixteen}
92%
Hidas S{low}
92%
Jossain S{omewhere}
92%
Urheilu S{port}
92%
Kauppa S{tore}
92%
Kesä S{ummer}
92%
Joukkue T{eam}
92%
Yhdessä T{ogether}
92%
Huomenna T{omorrow}
92%
Vesimeloni W{atermelon}
92%
Viikko W{eek}
92%
Mikä W{hat}
92%
Missä W{here}
92%
Voittaa W{in}
92%
Maailma W{orld}
92%
Eilen Y{esterday}
92%
Iltapäivä A{fternoon}
91%
Aina A{lways}
91%
Vihainen A{ngry}
91%
Elokuu A{ugust}
91%
Pankki B{ank}
91%
Parempi B{etter}
91%
Mustikka B{ilberry}
91%
Sokea B{lind}
91%
Pullo B{ottle}
91%
Laatikko B{ox}
91%
Ruskea B{rown}
91%
Kakku C{ake}
91%
Auto C{ar}
91%
Luokka C{lass}
91%
Pilvi C{loud}
91%
Kylmä C{old}
91%
Koira D{og}
91%
Piirtää D{raw}
91%
Mekko D{ress}
91%
Kuiva D{ry}
91%
Ankka D{uck}
91%
Itä E{ast}
91%
Kahdeksan E{ight}
91%
Norsu E{lephant}
91%
Yksitoista E{leven}
91%
Pudota F{all}
91%
Perhe F{amily}
91%
Viisikymmentä F{ifty}
91%
Sormi F{inger}
91%
Suomi (valtio) F{inland}
91%
Viisi F{ive}
91%
Hedelmä F{ruit}
91%
Tyttö G{irl}
91%
Kulta G{old}
91%
Puolikas H{alf}
91%
Iloinen H{appy}
91%
Sydän H{eart}
91%
Hunaja H{oney}
91%
Ihminen H{uman}
91%
Saari I{sland}
91%
Hypätä J{ump}
91%
Avain K{ey}
91%
Suudelma K{iss}
91%
Järvi L{ake}
91%
Viimeinen L{ast}
91%
Sitruuna L{emon}
91%
Lukko L{ock}
91%
Tapaaminen M{eeting}
91%
Muisto M{emory}
91%
Vuori M{ountain}
91%
Musiikki M{usic}
91%
Uusi N{ew}
91%
Seuraava N{ext}
91%
Yhdeksäntoista N{ineteen}
91%
Ei N{o}
91%
Pohjoinen N{orth}
91%
Yksi O{ne}
91%
Tai O{r}
91%
Paratiisi P{aradise}
91%
Lautanen P{late}
91%
Myrkky P{oison}
91%
Yksityinen P{rivate}
91%
Luvata P{romise}
91%
Sade R{ain}
91%
Riisi R{ice}
91%
Rikas R{ich}
91%
Lauantai S{aturday}
91%
Meri S{ea}
91%
Myydä S{ell}
91%
Lähettää S{end}
91%
Paita S{hirt}
91%
Ampua S{hoot}
91%
Ujo S{hy}
91%
Hopea S{ilver}
91%
Iho S{kin}
91%
Lumi S{now}
91%
Sukka S{ock}
91%
Etelä S{outh}
91%
Kevät S{pring}
91%
Pysähtyä S{top}
91%
Uida S{wim}
91%
Opettaja T{eacher}
91%
Kiitos T{hank} {you}
91%
Ajatella T{hink}
91%
Lelu T{oy}
91%
Puu T{ree}
91%
Kasvis V{egetable}
91%
Viulu V{iolin}
91%
Sää W{eather}
91%
Keskivikko W{ednesday}
91%
Tervetuloa W{elcome}
91%
Miksi W{hy}
91%
Tuuli W{ind}
91%
Mehiläinen B{ee}
90%
Olut B{eer}
90%
Ennen B{efore}
90%
Marja B{erry}
90%
Keho B{ody}
90%
Luu B{one}
90%
Leipä B{read}
90%
Perhonen B{utterfly}
90%
Kynttilä C{andle}
90%
Kana C{hicken}
90%
Puhdistaa C{lean}
90%
Sulkea C{lose}
90%
Tulla C{ome}
90%
Kurkku (kasvis) C{ucumber}
90%
Tanssia D{ance}
90%
Päivä D{ay}
90%
Päivällinen D{inner}
90%
Tiskit D{ishes}
90%
Kotka E{agle}
90%
Ilta E{vening}
90%
Suomi (kieli) F{innish}
90%
Lattia F{loor}
90%
Kukka F{lower}
90%
Seurata F{ollow}
90%
Ruoka F{ood}
90%
Täysi F{ull}
90%
Lasi G{lass}
90%
Hiukset H{air}
90%
Pää H{ead}
90%
Sankari H{ero}
90%
Piiloutua H{ide}
90%
Sata H{undred}
90%
Mielenkiintoinen I{nteresting}
90%
Tammikuu J{anuary}
90%
Vitsi J{oke}
90%
Viidakko J{ungle}
90%
Keittiö K{itchen}
90%
Myöhäinen L{ate}
90%
Valo L{ight}
90%
Kuunnella L{isten}
90%
Elää L{ive}
90%
Liha M{eat}
90%
Äiti M{other}
90%
Nyt N{ow}
90%
Öljy O{il}
90%
Pippuri P{epper}
90%
Ongelma P{roblem}
90%
Työntää P{ush}
90%
Kysymys Q{uestion}
90%
Punainen R{ed}
90%
Rentoutua R{elax}
90%
Kivi R{ock}
90%
Lohi S{almon}
90%
Syyskuu S{eptember}
90%
Lammas S{heep}
90%
Sisko S{ister}
90%
Pieni S{mall}
90%
Saippua S{oap}
90%
Pehmeä S{oft}
90%
Laulu S{ong}
90%
Hämähäkki S{pider}
90%
Joutsen S{wan}
90%
Opettaa T{each}
90%
Tänään T{oday}
90%
Ymmärtää U{nderstand}
90%
Vihannes V{egetable}
90%
Lentopallo V{olleyball}
90%
Äänestää V{ote}
90%
Sota W{ar}
90%
Länsi W{est}
90%
Valkoinen W{hite}
90%
Villi W{ild}
90%
Viini W{ine}
90%
Talvi W{inter}
90%
Susi W{olf}
90%
Sana W{ord}
90%
Aikuinen A{dult}
89%
Huhtikuu A{pril}
89%
Koska B{ecause}
89%
Makuuhuone B{edroom}
89%
Vyö B{elt}
89%
Syntymäpäivä B{irthday}
89%
Veri B{lood}
89%
Aivot B{rain}
89%
Kirsikka C{herry}
89%
Suklaa C{hocolate}
89%
Tietokone C{omputer}
89%
Serkku C{ousin}
89%
Itkeä C{ry}
89%
Tyhjä E{mpty}
89%
Koskaan E{ver}
89%
Kuuluisa F{amous}
89%
Isä F{ather}
89%
Helmikuu F{ebruary}
89%
Löytää F{ind}
89%
Unohtaa F{orget}
89%
Saksa (kieli) G{erman}
89%
Aave G{host}
89%
Silmälasit G{lasses}
89%
Vuohi G{oat}
89%
Kitara G{uitar}
89%
Korkea H{igh}
89%
Jääkiekko I{ce} {hockey}
89%
Mehu J{uice}
89%
Heinäkuu J{uly}
89%
Veitsi K{nife}
89%
Oppitunti L{esson}
89%
Leijona L{ion}
89%
Lounas L{unch}
89%
Keskiyö M{idnight}
89%
Kuu M{oon}
89%
Moottoripyörä M{otorbike}
89%
Liikkua M{ove}
89%
Murha M{urder}
89%
Kynsi N{ail}
89%
Tarvita N{eed}
89%
Pähkinä N{ut}
89%
Avata O{pen}
89%
Kipu P{ain}
89%
Rauha P{eace}
89%
Sika P{ig}
89%
Tyyny P{illow}
89%
Köyhä P{oor}
89%
Vankila P{rison}
89%
Sateenkaari R{ainbow}
89%
Muistaa R{emember}
89%
Ravintola R{estaurant}
89%
Joki R{iver}
89%
Tie R{oad}
89%
Ruusu R{ose}
89%
Suola S{alt}
89%
Taivas S{ky}
89%
Haistaa S{mell}
89%
Käärme S{nake}
89%
Makea S{weet}
89%
Kolme T{hree}
89%
Varvas T{oe}
89%
Juna T{rain}
89%
Kilpikonna T{urtle}
89%
Kaksikymmentä T{wenty}
89%
Äänenvoimakkuus V{olume}
89%
Kun W{hen}
89%
Vaimo W{ife}
89%
Ilman W{ithout}
89%
Kirjoittaa W{rite}
89%
Jälkeen A{fter}
88%
Ilma A{ir}
88%
Hälytys A{larm}
88%
Eläin A{nimal}
88%
Täti A{unt}
88%
Lintu B{ird}
88%
Rakentaa B{uild}
88%
Ostaa B{uy}
88%
Kortti C{ard}
88%
Tuoli C{hair}
88%
Kiina (valtio) C{hina}
88%
Joulu C{hristmas}
88%
Kahvi C{offee}
88%
Maissi C{orn}
88%
Kerma C{ream}
88%
Kulttuuri C{ulture}
88%
Vaarallinen D{angerous}
88%
Tuli F{ire}
88%
Neljätoista F{ourteen}
88%
Ystävä F{riend}
88%
Ranskalaiset (perunat) F{ries}
88%
Vasara H{ammer}
88%
Olla (omistaa) H{ave}
88%
Mäki H{ill}
88%
Satuttaa H{urt}
88%
Laiska L{azy}
88%
Oppia L{earn}
88%
Jalka L{eg}
88%
Viiva L{ine}
88%
Kone M{achine}
88%
Toukokuu M{ay}
88%
Ehkä M{aybe}
88%
Miljoona M{illion}
88%
Suu M{outh}
88%
Lemmikki P{et}
88%
Kasvi P{lant}
88%
Poro R{eindeer}
88%
Venäjä (kieli) R{ussian}
88%
Salaatti S{alad}
88%
Joulupukki S{anta} {Claus}
88%
Toinen S{econd}
88%
Seitsemän S{even}
88%
Lumilauta S{nowboard}
88%
Jäädä S{tay}
88%
Opiskella S{tudy}
88%
Sokeri S{ugar}
88%
Ruotsi (kieli) S{wedish}
88%
Kertoa T{ell}
88%
Teltta T{ent}
88%
Kahdesti T{wice}
88%
Kaksonen T{win}
88%
Haluta W{ant}
88%
Häät W{edding}
88%
Viikonloppu W{eekend}
88%
Vastata A{nswer}
87%
Kaunis B{eautiful}
87%
Leiri C{amp}
87%
Makeinen C{andy}
87%
Suljettu C{losed}
87%
Päivittäinen D{aily}
87%
Lohikäärme D{ragon}
87%
Tulevaisuus F{uture}
87%
Ruoho G{rass}
87%
Painava H{eavy}
87%
Toivoa H{ope}
87%
Kirjain L{etter}
87%
Kirjasto L{ibrary}
87%
Valoisa L{ight}
87%
Magneetti M{agnet}
87%
Posti M{ail}
87%
Viesti M{essage}
87%
Valtameri O{cean}
87%
Lyijykynä P{encil}
87%
Tulostaa P{rint}
87%
Kurpitsa P{umpkin}
87%
Kuusikymmentä S{ixty}
87%
Joskus S{ometimes}
87%
Avaruus S{pace}
87%
Lusikka S{poon}
87%
Sunnuntai S{unday}
87%
Torstai T{hursday}
87%
Pyyhe T{owel}
87%
Tiistai T{uesday}
87%
Kääntyä T{urn}
87%
Kaksitoista T{welve}
87%
Sateenvarjo U{mbrella}
87%
Erittäin V{ery}
87%
Varoitus W{arning}
87%
Työskennellä W{ork}
87%
Lentokone A{irplane}
86%
Syksy A{utumn}
86%
Lepakko B{at}
86%
Syntymä B{irth}
86%
Aamiainen B{reakfast}
86%
Kiireinen B{usy}
86%
Voi B{utter}
86%
Varovainen C{areful}
86%
Vaatteet C{lothes}
86%
Tytär D{aughter}
86%
Kuolla D{ie}
86%
Kahdeksantoista E{ighteen}
86%
Viro (valtio) E{stonia}
86%
Tuntea F{eel}
86%
Jalkaterä F{oot}
86%
Haarukka F{ork}
86%
Lapsenlapsi G{randchild}
86%
Kasvaa G{row}
86%
Aviomies H{usband}
86%
Näppäimistö K{eyboard}
86%
Lähteä L{eave}
86%
Hävitä L{ose}
86%
Peili M{irror}
86%
Painajainen N{ightmare}
86%
Usein O{ften}
86%
Vain O{nly}
86%
Päärynä P{ear}
86%
Piirakka P{ie}
86%
Harjoitella P{ractice}
86%
Hinta P{rice}
86%
Hiljainen Q{uiet}
86%
Turvallinen S{afe}
86%
Makkara S{ausage}
86%
Seitsemänkymmentä S{eventy}
86%
Myrsky S{torm}
86%
Tarina S{tory}
86%
Mansikka S{trawberry}
86%
Kolmas T{hird}
86%
Heittää T{hrow}
86%
Solmio T{ie}
86%
Aalto W{ave}
86%
Siipi W{ing}
86%
Vyöhyke Z{one}
86%
Saapua A{rrive}
85%
Kassi B{ag}
85%
Uimaranta B{each}
85%
Papu B{ean}
85%
Takana B{ehind}
85%
Härkä B{ull}
85%
Palaa B{urn}
85%
Syöpä C{ancer}
85%
Ympyrä C{ircle}
85%
Päiväkirja D{iary}
85%
Vihollinen E{nemy}
85%
Muoti F{ashion}
85%
Ruokkia F{eed}
85%
Viisitoista F{ifteen}
85%
Taistelu F{ight}
85%
Elokuva F{ilm}
85%
Lopulta F{inally}
85%
Raikas F{resh}
85%
Viinirypäle G{rape}
85%
Ryhmä G{roup}
85%
Arvata G{uess}
85%
Tapahtua H{appen}
85%
Mahdoton I{mpossible}
85%
Matala L{ow}
85%
Sieni M{ushroom}
85%
Kaula N{eck}
85%
Hermostunut N{ervous}
85%
Vihko N{otebook}
85%
Kumppani P{artner}
85%
Mahdollinen P{ossible}
85%
Vetää P{ull}
85%
Todellisuus R{eality}
85%
Kunnioittaa R{espect}
85%
Salainen S{ecret}
85%
Sielu S{oul}
85%
Porras S{tair}
85%
Matkustaa T{ravel}
85%
Setä U{ncle}
85%
Yhdistynyt U{nited}
85%
Vesiputous W{aterfall}
85%
Taiteilija A{rtist}
84%
Leipomo B{akery}
84%
Tulla (joksikin) B{ecome}
84%
Uskoa B{elieve}
84%
Miljardi B{illion}
84%
Linna C{astle}
84%
Halpa C{heap}
84%
Kirkko C{hurch}
84%
Hullu C{razy}
84%
Uni D{ream}
84%
Pöly D{ust}
84%
Kahdeksankymmentä E{ighty}
84%
Kulmakarva E{yebrow}
84%
Pelko F{ear}
84%
Jääkaappi F{ridge}
84%
Terveys H{ealth}
84%
Kypärä H{elmet}
84%
Rauta I{ron}
84%
Lisko L{izard}
84%
Hirvi M{oose}
84%
Päiväunet N{ap}
84%
Sanomalehti N{ewspaper}
84%
Luku N{umber}
84%
Papukaija P{arrot}
84%
Purppura P{urple}
84%
Hiihto S{kiing}
84%
Savu S{moke}
84%
Erityinen S{pecial}
84%
Neliö S{quare}
84%
Katu S{treet}
84%
Ukkonen T{hunder}
84%
Hammas T{ooth}
84%
Liikenne T{raffic}
84%
Kuorma-auto T{ruck}
84%
Lentokenttä A{irport}
83%
Kori B{asket}
83%
Pensas B{ush}
83%
Kyynärpää E{lbow}
83%
Vapaus F{reedom}
83%
Näkemiin G{oodbye}
83%
Metsästää H{unt}
83%
Soitin I{nstrument}
83%
Taikuus M{agic}
83%
Muki M{ug}
83%
Kerran O{nce}
83%
Maalaus P{ainting}
83%
Suunnitella P{lan}
83%
Suojella P{rotect}
83%
Ylpeä P{roud}
83%
Koiranpentu P{uppy}
83%
Merihevonen S{eahorse}
83%
Vuodenaika S{eason}
83%
Vakava S{erious}
83%
Varjo S{hadow}
83%
Olkapää S{houlder}
83%
Yksinkertainen S{imple}
83%
Luistelu S{kating}
83%
Kolmetoista T{hirteen}
83%
Tuhat T{housand}
83%
Yliopisto U{niversity}
83%
Kylä V{illage}
83%
Valas W{hale}
83%
Näyttelijä A{ctor}
82%
Muurahainen A{nt}
82%
Puhaltaa B{low}
82%
Laskin C{alculator}
82%
Takki C{oat}
82%
Kruunu C{rown}
82%
Asiakas C{ustomer}
82%
Aikainen E{arly}
82%
Ranska (kieli) F{rench}
82%
Kirahvi G{iraffe}
82%
Rehellinen H{onest}
82%
Juhannus M{idsummer}
82%
Menneisyys P{ast}
82%
Raaka R{aw}
82%
Katto R{oof}
82%
Hiljaisuus S{ilence}
82%
Hame S{kirt}
82%
Kyynel T{ear}
82%
Koskea T{ouch}
82%
Ansa T{rap}
82%
Kolmio T{riangle}
82%
Tosi T{rue}
82%
Tonnikala T{una}
82%
Viisas W{ise}
82%
Noita W{itch}
82%
Nuoli A{rrow}
81%
Naudanliha B{eef}
81%
Välissä B{etween}
81%
Kalenteri C{alendar}
81%
Pääkaupunki C{apital}
81%
Kantaa C{arry}
81%
Kemia C{hemistry}
81%
Kuutio C{ube}
81%
Tiskikone D{ishwasher}
81%
Kallis (hinta) E{xpensive}
81%
Pelto F{ield}
81%
Kärpänen F{ly}
81%
Hiusharja H{airbrush}
81%
Uuni O{ven}
81%
Pöllö O{wl}
81%
Uskonto R{eligion}
81%
Raketti R{ocket}
81%
Varastaa S{teal}
81%
Kolmekymmentä T{hirty}
81%
Heikko W{eak}
81%
Kulho B{owl}
80%
Rakennus B{uilding}
80%
Poski C{heek}
80%
Delfiini D{olphin}
80%
Esimerkki E{xample}
80%
Opas G{uide}
80%
Lehti L{eaf}
80%
Laillinen L{egal}
80%
Lääke M{edicine}
80%
Happi O{xygen}
80%
Rukoilla P{ray}
80%
Suhde R{elation}
80%
Kuninkaallinen R{oyal}
80%
Saha S{aw}
80%
Sisarus S{ibling}
80%
Allekirjoittaa S{ign}
80%
Vakooja S{py}
80%
Maha S{tomach}
80%
Matkalaukku S{uitcase}
80%
Muuri W{all}
80%
Verkkosivusto W{ebsite}
80%
Nilkka A{nkle}
79%
Peitto B{lanket}
79%
Muuttua C{hange}
79%
Kaneli C{innamon}
79%
Keiju F{airy}
79%
Epätosi F{alse}
79%
Rasva F{at}
79%
Karitsa L{amb}
79%
Salama L{ightning}
79%
Sijainti L{ocation}
79%
Mustekala O{ctopus}
79%
Alkuperä O{rigin}
79%
Pelästynyt S{cared}
79%
Laiva S{hip}
79%
Pääkallo S{kull}
79%
Suora S{traight}
79%
Keinu S{wing}
79%
Vero T{ax}
79%
Ranne W{rist}
79%
Lähes A{lmost}
78%
Luola C{ave}
78%
Risti C{ross}
78%
Pisara D{rop}
78%
Jäätynyt F{rozen}
78%
Kissanpentu K{itten}
78%
Keuhko L{ung}
78%
Avioliitto M{arriage}
78%
Sekoittaa M{ix}
78%
Kaura O{at}
78%
Tarjous O{ffer}
78%
Vastakohta O{pposite}
78%
Kastike S{auce}
78%
Huutaa S{hout}
78%
Liukua S{lide}
78%
Yllätys S{urprise}
78%
Teatteri T{heater}
78%
Peukalo T{humb}
78%
Kieli (elin) T{ongue}
78%
Ase W{eapon}
78%
Tasapaino B{alance}
77%
Pronssi B{ronze}
77%
Jatkua C{ontinue}
77%
Kaivaa D{ig}
77%
Reilu F{air}
77%
Kuume F{ever}
77%
Neljäkymmentä F{orty}
77%
Valkosipuli G{arlic}
77%
Nero G{enius}
77%
Maantiede G{eography}
77%
Hauta G{rave}
77%
Vartija G{uard}
77%
Muste I{nk}
77%
Merenneito M{ermaid}
77%
Naula N{ail}
77%
Yhdeksänkymmentä N{inety}
77%
Tiede S{cience}
77%
Ainutlaatuinen U{nique}
77%
Päivittää U{pdate}
77%
Tarjoilija W{aiter}
77%
Valtio C{ountry}
76%
Etäisyys D{istance}
76%
Koulutus E{ducation}
76%
Tiedosto F{ile}
76%
Pakastin F{reezer}
76%
Haastattelu I{nterview}
76%
Hyttynen M{osquito}
76%
Lihas M{uscle}
76%
Mielipide O{pinion}
76%
Paine P{ressure}
76%
Kieriä R{oll}
76%
Miekka S{word}
76%
Perinne T{radition}
76%
Kuiskata W{hisper}
76%
Velho W{izard}
76%
Aakkoset A{lphabet}
75%
Utelias C{urious}
75%
Aavikko D{esert}
75%
Insinööri E{ngineer}
75%
Naapuri N{eighbor}
75%
Julkinen P{ublic}
75%
Neljäsosa Q{uarter}
75%
Sotilas S{oldier}
75%
Patsas S{tatue}
75%
Nenäliina T{issue}
75%
Käytös B{ehavior}
74%
Raja B{order}
74%
Ketju C{hain}
74%
Rannikko C{oast}
74%
Tehdas F{actory}
74%
Huonekalu F{urniture}
74%
Käsine G{love}
74%
Hanhi G{oose}
74%
Virallinen O{fficial}
74%
Sarvikuono R{hino}
74%
Huivi S{carf}
74%
Teknologia T{echnology}
74%
Tulivuori V{olcano}
74%
Aloittaa B{egin}
73%
Nappi B{utton}
73%
Luova C{reative}
73%
Kuuro D{eaf}
73%
Yksityiskohta D{etail}
73%
Maanpinta G{round}
73%
Kirjaimellisesti L{iterally}
73%
Hylje S{eal}
73%
Siemen S{eed}
73%
Parveke B{alcony}
72%
Hiili C{arbon}
72%
Matto C{arpet}
72%
Kilpailu C{ompetition}
72%
Verho C{urtain}
72%
Suunta D{irection}
72%
Jauho F{lour}
72%
Sarvi H{orn}
72%
Filosofia P{hilosophy}
72%
Puuro (ruoka) P{orridge}
72%
Pinaatti S{pinach}
72%
Laakso V{alley}
72%
Viheltää W{histle}
72%
Villa W{ool}
72%
Happo A{cid}
71%
Yskiä C{ough}
71%
Aste D{egree}
71%
Ritari K{night}
71%
Pesukarhu R{accoon}
71%
Järjestelmä S{ystem}
71%
Läpi T{hrough}
71%
Housut T{rousers}
71%
Urheilija A{thlete}
70%
Leuka C{hin}
70%
Aita F{ence}
70%
Pyykki L{aundry}
70%
Viikset M{ustache}
70%
Kumi R{ubber}
70%
Palvelu S{ervice}
70%
Nielaista S{wallow}
70%
Tiili B{rick}
69%
Vuosisata C{entury}
69%
Hämmentynyt C{onfused}
69%
Kuumailmapallo H{ot} {air} {balloon}
69%
Meduusa J{ellyfish}
69%
Pingviini P{enguin}
69%
Tuottaa P{roduce}
69%
Vannoa S{wear}
69%
Väkivalta V{iolence}
69%
Leveä W{ide}
69%
Haava W{ound}
69%
Syyttää B{lame}
68%
Kellua F{loat}
68%
Syytön I{nnocent}
68%
Asianajaja L{awyer}
68%
Kaulakoru N{ecklace}
68%
Satelliitti S{atellite}
68%
Sakset S{cissors}
68%
Pesusieni S{ponge}
68%
Äkillinen S{udden}
68%
Asenne A{ttitude}
67%
Reppu B{ackpack}
67%
Majava B{eaver}
67%
Talous E{conomy}
67%
Tasa-arvo E{quality}
67%
Marsu G{uinea} {pig}
67%
Korkeus H{eight}
67%
Pituus L{ength}
67%
Hummeri L{obster}
67%
Mainita M{ention}
67%
Runo P{oem}
67%
Aivastaa S{neeze}
67%
Haukotella Y{awn}
67%
Peruuttaa C{ancel}
66%
Kadota D{isappear}
66%
Pora D{rill}
66%
Räjähtää E{xplode}
66%
Majakka L{ighthouse}
66%
Kapea N{arrow}
66%
Polku P{ath}
66%
Karjua R{oar}
66%
Välttää A{void}
65%
Tapahtuma E{vent}
65%
Mänty P{ine}
65%
Ajoneuvo V{ehicle}
65%
Tausta B{ackground}
64%
Hengittää B{reathe}
64%
Haastaa C{hallenge}
64%
Uskaltaa D{are}
64%
Vuosikymmen D{ecade}
64%
Ulkomainen F{oreign}
64%
Leppäkerttu L{adybug}
64%
Hiha S{leeve}
64%
Varis C{row}
63%
Sanakirja D{ictionary}
63%
Hallitus G{overnment}
63%
Satama H{arbor}
63%
Itsenäinen I{ndependent}
63%
Käpälä P{aw}
63%
Vakaa S{table}
63%
Teräs S{teel}
63%
Vehnä W{heat}
63%
Jyrkänne C{liff}
62%
Velka D{ebt}
62%
Maksa L{iver}
62%
Prosentti P{ercent}
62%
Vadelma R{aspberry}
62%
Lause S{entence}
62%
Nuoruus Y{outh}
62%
Ilmasto C{limate}
61%
Syvyys D{epth}
61%
Vaali E{lection}
61%
Patja M{attress}
61%
Lampi P{ond}
61%
Ohjelma P{rogram}
61%
Vastuu R{esponsibility}
61%
Mauste S{pice}
61%
Maailmankaikkeus U{niverse}
61%
Laturi C{harger}
60%
Kansalainen C{itizen}
60%
Työntekijä E{mployee}
60%
Huilu F{lute}
60%
Nivel J{oint}
60%
Luumu P{lum}
60%
Ruis R{ye}
60%
Maanosa C{ontinent}
59%
Lautta F{erry}
59%
Maisema L{andscape}
59%
Väliaikainen T{emporay}
59%
Kupari C{opper}
58%
Ruumis C{orpse}
58%
Puolustaa D{efend}
58%
Järjestys O{rder}
58%
Uhka T{hreat}
58%
Hakemus A{pplication}
57%
Keskiarvo A{verage}
57%
Jalokivi J{ewel}
57%
Lapanen M{itten}
57%
Ruuvi S{crew}
57%
Pilvenpiirtäjä S{kyscraper}
57%
Laji (biologia) S{pecies}
57%
Onnistua S{ucceed}
57%
Lahti B{ay}
56%
Terä B{lade}
56%
Verrata C{ompare}
56%
Ele G{esture}
56%
Kantapää H{eel}
56%
Vähemmistö M{inority}
56%
Eläke P{ension}
56%
Luotettava R{eliable}
56%
Tuulimylly W{indmill}
56%
Ilmakehä A{tmosphere}
55%
Pappi P{riest}
55%
Vallankumous R{evolution}
55%
Sileä S{mooth}
55%
Reisi T{high}
55%
Kaali C{abbage}
54%
Kuluttaa C{onsume}
54%
Kehittää D{evelop}
54%
Pormestari M{ayor}
54%
Vaatekaappi W{ardrobe}
54%
Valuutta C{urrency}
53%
Kielletty F{orbidden}
53%
Roskakori G{arbage} {can}
52%
Riikinkukko P{eacock}
52%
Naru S{tring}
52%
Ehdottaa S{uggest}
52%
Määritelmä D{efinition}
51%
Puoliso S{pouse}
51%
Raitiovaunu T{ram}
51%
Teollisuus I{ndustry}
50%
Kansi L{id}
50%
Enemmistö M{ajority}
50%
Palkinto P{rize}
50%
Ampiainen W{asp}
50%
Kastella W{ater}
50%
Koivu B{irch}
49%
Pinta S{urface}
49%
Ydin C{ore}
48%
Onneksi F{ortunately}
48%
Vilja G{rain}
48%
Suorakulmio R{ectangle}
48%
Yleisurheilu A{thletics}
46%
Heinäsirkka G{rasshopper}
46%
Lakritsi L{icorice}
46%
Sierain N{ostril}
46%
Luuta B{room}
45%
Savupiippu C{himney}
44%
Vety H{ydrogen}
44%
Leija K{ite}
44%
Kuusi (puu) S{pruce}
44%
Jänis H{are}
42%
Omaisuus P{roperty}
42%
Haukka F{alcon}
41%
Jäätikkö G{lacier}
40%
Kaupallinen C{ommercial}
39%
Lyijy L{ead}
39%
Harvoin S{eldom}
38%
Maanviljely A{griculture}
37%
Keidas O{asis}
37%
Suhteellinen R{elative}
37%
Ahven P{erch}
31%
Taipumus T{endency}
29%
Ehto C{ondition}
28%
Sarake C{olumn}
27%
Lyhenne A{bbreviation}
20%
Ehtoja vastaavia visoja ei löytynyt
Tulosjakauma
Jokaisen tuloksen saaneiden osuus
Persentiili vastausten määrän mukaan
Tuloshistoriasi
Et ole pelannut tätä visaa